| 000 -ლიდერი |
| ფიქსირებული სიგრძის საკონტროლო ველი |
01374nam a2200265Ia 4500 |
| 001 - საკონტროლო ნომერი |
| საკონტროლო ველი |
7203 |
| 003 - საკონტროლო ნომრის იდენტიფიკატორი |
| საკონტროლო ველი |
GE_BSU |
| 005 - ბოლო ოპერაციის თარიღი და დრო |
| საკონტროლო ველი |
20230516121229.0 |
| 008 - ფიქსირებული სიგრძის მონაცემთა ელემენტები - ზოგადი ინფორმაცია |
| ფიქსირებული სიგრძის საკონტროლო ველი |
181216s2009||||g |||||||||||||| ||geo|| |
| 010 ## - კონგრესის ბიბლიოთეკის საკონტროლო ნომერი |
| LC საკონტროლო ნომერი |
9789994017911 |
| 040 ## - კატალოგიზაციის წყარო |
| Transcribing agency |
GE_BSU |
| 041 ## - ენის კოდი |
| Language code of text/sound track or separate title |
geo |
| 080 ## - უნივერსალური ათობითი კლასიფიკაციის ინდექსი |
| Universal Decimal Classification number |
302.3 ლ-41 |
| 100 ## - მთავარი ჩანაწერი - პიროვნების სახელი |
| Personal name |
ლემპერერი, ალენ პეკარ |
| 9 (RLIN) |
18082 |
| 245 ## - ცნობა სათაურის შესახებ |
| Title |
მოლაპარაკების მეთოდები = Metode de negociation / |
| Statement of responsibility, etc |
ალენ პეკერ ლემპერერი; ორელიენ კოლსონი; მთარგმნელები: ნატო მაჭარაშვილი; თინათინ ღარიბაშვილი. |
| 264 ## - წარმოების, გამოცემის, დისტრიბუციის და სხვა ცნობები |
| გამოცემის, წარმოების, დისტრიბუციის... ადგილი |
თბილისი: |
| გამოცემის, წარმოების, დისტრიბუციის... სახელწოდება |
ჯისიაი, |
| გამოცემის, წარმოების, დისტრიბუციის... თარიღი |
2009. |
| 300 ## - ფიზიკური აღწერა |
| Extent |
332 გვ.; |
| Other physical details |
22სმ. |
| 504 ## - BIBLIOGRAPHY, ETC. NOTE |
| Bibliography, etc |
ბიბლიოგრაფია: გვ. 327-332. |
| 653 ## - INDEX TERM--UNCONTROLLED |
| Uncontrolled term |
მოლაპარაკების მეთოდები. |
| 653 ## - INDEX TERM--UNCONTROLLED |
| Uncontrolled term |
სოციალური ინტერაქცია. |
| 700 ## - ADDED ENTRY--PERSONAL NAME |
| Personal name |
კოლსონი, ორელიენ |
| Relator term |
ავტორი |
| 9 (RLIN) |
18083 |
| 700 ## - ADDED ENTRY--PERSONAL NAME |
| Personal name |
მაჭარაშვილი, ნატო |
| Relator term |
მთარგმნელი |
| 9 (RLIN) |
18084 |
| 700 ## - ADDED ENTRY--PERSONAL NAME |
| Personal name |
ღარიბაშვილი, თინათინ |
| Relator term |
მთარგმნელი |
| 9 (RLIN) |
18085 |
| 942 ## - ADDED ENTRY ELEMENTS (KOHA) |
| Koha item type |
წიგნი |
| Source of classification or shelving scheme |
|